| 000 | 01334nam0a22002891 4500 | ||
|---|---|---|---|
| 001 | rc\3479249 | ||
| 005 | 20130115140335.3 | ||
| 021 |
_aRU _bП1186-74 |
||
| 035 | _a(NLR Aleph) 007676877 | ||
| 090 |
_a6495430 _c6495430 |
||
| 100 | _a20130115d1974 |||y0rusy50 ca | ||
| 101 | 0 | _arus | |
| 102 | _aRU | ||
| 105 | _ay z ||||| | ||
| 200 | 1 |
_aНекоторые методы и методики исследования _e[Сборник статей] _fРед.-сост. Б.Э. Вульфов, Е.М. Никиреев, М.М. Ященко _gНИИ общей педагогики АПН СССР. НИИ общих проблем воспитания АПН СССР. Отд. педагогики комсомольской работы в школе |
|
| 210 |
_aМосква _cБ. и. _d1974 |
||
| 215 |
_a65 с. _d20 |
||
| 225 | 1 |
_aВопросы воспитательной деятельности школьной комсомольской организации _vВып. 1 |
|
| 702 | 1 |
_aНикиреев _bЕ. М. _4340 _4220 |
|
| 702 | 1 |
_aЯщенко _bМ. М. _4340 _4220 |
|
| 702 | 1 |
_6z01790 _aВульфов _bБ. Э. _4340 _4220 |
|
| 790 | 1 |
_6z01702 _aВульфов _bБ. З. _gБорис Зиновьевич |
|
| 801 | 0 |
_aRU _bNLR _gpsbo |
|
| 801 | 1 |
_aRU _bELAR _2rusmarc |
|
| 852 |
_aNLR _jП28/1199 |
||
| 942 | _cBOOK | ||
| 980 | _aNB | ||